| 000 | 00513nam a22001937a 4500 | ||
|---|---|---|---|
| 003 | OSt | ||
| 005 | 20220107122834.0 | ||
| 008 | 171123b xxu||||| |||| 00| 0 eng d | ||
| 020 | _a9780521669733 | ||
| 040 | _cIIITMK | ||
| 082 | _a577.072 FOR/S | ||
| 100 |
_aFord, David E. _913289 |
||
| 245 | _aScientific method for ecological research | ||
| 260 |
_aUK, _bCambridge University Press, _c2000. |
||
| 300 | _axviii, 559p. | ||
| 650 |
_aECOLOGY _913486 |
||
| 650 |
_aECOLOGICAL RESEARCH _913487 |
||
| 942 |
_2ddc _cBK |
||
| 999 |
_c5909 _d5909 |
||